| 000 | 00560nam a22001817a 4500 | ||
|---|---|---|---|
| 003 | CEME | ||
| 005 | 20210628204816.0 | ||
| 008 | 210222b xxu||||| |||| 00| 0 eng d | ||
| 020 | _a0-8031-1432-X | ||
| 040 | _c. | ||
| 082 | _a620.1723 COR'C | ||
| 100 |
_aChaker, Victer _972490 |
||
| 245 | _aCorrosion forms and control for infrastucture | ||
| 260 |
_aPHILADELPHIA _bASTM _c1992 |
||
| 300 | _a417P | ||
| 650 |
_aCPRROSION AND ANTI CORROSION CONGRESS REINFORCED CONCRETE CORRROSION CONGRESSES REINFORCING BARS CORROSION CONGRESS _972491 |
||
| 942 |
_cBK _2ddc |
||
| 999 |
_c578507 _d578507 |
||